[Event "Porto Alegre op"]
[Site "Porto Alegre"]
[Date "2023.05.05"]
[Round "1"]
[White "Togni, Everton Batista"]
[Black "Machado, Matheus S Franco"]
[Result "1-0"]
[WhiteElo "1757"]
[BlackElo "1800"]
[PlyCount "59"]
[EventDate "2023.05.05"]
[EventType "swiss"]
[EventRounds "7"]
[EventCountry "BRA"]
[SourceTitle "CBM 214 Extra"]
[Source "ChessBase"]
[SourceDate "2023.07.31"]
[SourceVersion "1"]
[SourceVersionDate "2023.07.31"]
[SourceQuality "1"]

1. e4 c6 2. d4 d5 3. e5 Bf5 4. Nf3 e6 5. a3 Nd7 6. Bd3 Bg6 7. Nc3 c5 8. dxc5 Bxc5 9. b4 Bb6 10. Nb5 Bc7 11. Bg5 f6 12. Bxg6+ hxg6 13. exf6 gxf6 14. Be3 a6 15. Nxc7+ Qxc7 16. Qd3 Ne7 17. Rd1 Ne5 18. Nxe5 Qxe5 19. f4 Qf5 20. Qe2 Rc8 21. Rd3 d4 22. Bxd4 Qxf4 23. Bc5 e5 24. g3 Qc1+ 25. Rd1 Qxa3 26. 0-0 a5 27. Qb5+ Rc6 28. Qxb7 Re6 29. Rxf6 Qa2 30. Qd7# 1-0